000 00423nam a2200169 a 4500
005 20140310183348.0
008 070503s19uu xx 00 eng d
020 _a055329752x
050 _aPZ 4
_b.G459 1992
100 _aGifford, Thomas
245 _aThe wind chill factor /
260 _aNew York :
_bBantam Books,
_c1992.
300 _a436 p. :
_c18 cm.
650 _aFiction.
942 _cBK
_2lcc
999 _c21996
_d21996